| 000 | 00888cam a2200277 a 4500 | ||
|---|---|---|---|
| 001 | 683508 | ||
| 003 | ARRUPE | ||
| 005 | 20211015111129.0 | ||
| 008 | 950927s1994 gw d 001 0 ger d | ||
| 010 | _a 95208668 | ||
| 020 | _a3570105539 | ||
| 035 | _a(OCoLC)32694182 | ||
| 040 |
_aFrSU _cFrSU _dNN _dDGU _dDLC |
||
| 042 | _alccopycat | ||
| 050 | 0 | 0 |
_aPF3460 _b.L45 1994 |
| 082 | 0 | 0 |
_a433/.1 _220 |
| 245 | 0 | 0 |
_aLexikon der Redensarten / _cherausgegeben von Klaus Müller. |
| 260 |
_aGütersloh : _bBertelsmann Lexikon Verlag, _cc1994. |
||
| 300 |
_a781 p. ; _c25 cm. |
||
| 500 | _aIncludes indexes. | ||
| 650 | 0 |
_aGerman language _xIdioms _xDictionaries. _950524 |
|
| 700 | 1 |
_aMüller, Klaus. _950525 |
|
| 906 |
_a7 _bcbc _ccopycat _d2 _encip _f19 _gy-gencatlg |
||
| 942 |
_2lcc _cMONOGRAPH |
||
| 999 |
_c130901 _d130901 |
||